| 000 | 01200nam a2200349Ia 4500 | ||
|---|---|---|---|
| 005 | 20220317001011.0 | ||
| 008 | 160825s2008 ck a g 000 0 spa | ||
| 020 | _a9789580494012 | ||
| 100 | 1 |
_aKeiko, Kasza _d1951- |
|
| 245 | 1 | 3 |
_aEl día de campo de don Chancho _cKeiko Kasza; traducción de Mercedes Guhl |
| 250 | _a1a. edición | ||
| 300 |
_a32 páginas _bilustraciones en color _c24 cm |
||
| 490 | _aBuenas noches | ||
| 490 | _aleamos con papá y mamá | ||
| 500 | _aIncluye datos biográficos | ||
| 521 | _aRecomendado para un público infantil mayor de 4 años | ||
| 534 | _tThe Pig's picnic | ||
| 650 | 1 | 4 |
_2LEMB _aCuentos infantiles japoneses _ySiglo XX |
| 650 | 1 | 4 |
_2LEMB _aLiteratura infantil japonesa _ySiglo XX |
| 650 | 1 | 4 |
_2LEMB _aAnimales en la literatura |
| 650 | 1 | 4 |
_2LEMB _aCerdos en la literatura |
| 650 | 1 | 4 |
_2LEMB _aLibros ilustrados para niños |
| 700 | 1 |
_aKeiko, Kasza _99738 |
|
| 700 | 1 |
_aGuhl, Mercedes _99739 |
|
| 942 |
_2loc _cBKINF |
||
| 264 |
_aBogotá _bNorma _c2008 |
||
| 336 |
_atexto _btxt _2rdacontent |
||
| 337 |
_asin mediación _bn _2rdamedia |
||
| 338 |
_avolumen _bnc _2rdacarrier |
||
| 040 |
_aCO-BoRNBP _bspa _erda _cCO-BoRNBP |
||
| 084 | _aC KEI1 | ||
| 999 |
_c5635 _d5635 |
||